| 000 | 01023nam a2200289Ia 4500 | ||
|---|---|---|---|
| 001 | C0520 | ||
| 003 | IT-RoPAU | ||
| 008 | 130308s9999 xx 000 0 und d | ||
| 040 | _aIT-RoPAU | ||
| 040 | _cIT-RoPAU | ||
| 041 | _aITALIANO | ||
| 100 | _aSadoul Georges | ||
| 100 | _gCodice Aut. SPICS: 1728 | ||
| 245 | _aCronache del cinema francese (1958-1963) | ||
| 245 | _bNouvelle Vague | ||
| 250 | _a2a ed. | ||
| 260 | _aTORINO | ||
| 260 | _bLindau | ||
| 260 | _c1993 [1° Ed.:1993 - Ed.Ling.Originale:1963] | ||
| 300 | _a"20 p. (prefazione: no ; testo: 20 [pagine: 231-250])" | ||
| 500 | _aNote Critiche Su: Ascenseur pou L'Echafaud di Louis Malle, Hiroshima mon Amour di Alain Resnais, a Bout De Souffle di Jean Luc Godard, Paris nous Appartient di Jacques Rivette, Jules Et Jim di Francois Truffaut, Cleo De 5 a 7 di Agnes Varda, Adieu Philippine di Jacques Rozier. | ||
| 650 | _aMANIFESTAZIONI CINEMATOGRAFICHE | ||
| 650 | _eCodice materia Spics: 6815 | ||
| 942 | _cBK | ||
| 957 | _71 | ||
| 999 |
_c84263 _d84263 |
||
| 999 | _g1 | ||